Curso de Processo Coletivo do Trabalho

Bibliographic Details
Main Author: Sampaio Costa, Marcelo Freire
Format: eBook
Language:Portuguese
Published: San Pablo: LTR, 2019
Subjects:
Online Access:Acceso restringido

MARC

LEADER 00000nam a22000007a 4500
005 20190912003713.0
007 cr|||| ||||
008 190912s2019 br |||||s|||| 00||0 por d
020 |a 978-85-361-9957-3 
035 |a 30285 
040 |a vLex 
090 |c 9494  |d 9494 
100 1 |a Sampaio Costa, Marcelo Freire 
245 1 0 |a Curso de Processo Coletivo do Trabalho  |h [Recurso electrn̤ico] /  |c Marcelo Freire Sampaio Costa 
256 |a Servicio en ln̕ea 
260 |a San Pablo:  |b LTR,  |c 2019 
300 |a 1 recurso electrn̤ico 
500 |a O processo coletivo do trabalho ̌uma disciplina repleta de desafios, por diversas raze̳s. A principal, talvez, seja a necessidade de se conhecer primeiramente os institutos do processo civil, nas vertentes individual e coletiva, depois o processo do trabalho cls̀sico, e, finalmente, o processo coletivo do trabalho. Outra razô, tambm̌ importante, ̌a falta de produȯ̂ acadm̊ica na moldura de um curso, como existem vr̀ios no processo coletivo civil, exatamente como foi a metodologia construd̕a na presente obra. Inobstante essa falta de produȯ̂ acadm̊ica de processo coletivo do trabalho similar ao padrô ora publicado, a evoluȯ̂ jurisprudencial dessa disciplina, notadamente no TST, encontra-se bastante amadurecida, e usualmente desenvolvendo caminhos bastante progressistas, conforme restou apresentado por intermďio de centenas de citaė̳s jurisprudenciais constantes nesse trabalho. Tambm̌ nô nos furtamos em realizar as necessr̀ias crt̕icas aos eventuais equv̕ocos dispostos nessa jurisprudn̊cia trabalhista, alm̌ das necessr̀ias sugeste̳s de mudanȧs de rota. Acreditamos, sinceramente, que essa obra estimular ̀a produȯ̂ de outros cursos com a mesma pretensô de melhor sistematizar o processo coletivo do trabalho, cuja potn̊cia ainda nô se restou completamente alcanȧda. Se conseguirmos tambm̌ auxiliar na construȯ̂ da jurisprudn̊cia em benefc̕io do desenvolvimento dessa disciplina, nos sentiremos plenamente realizados. Por fim, vale deixar registrado que a obra foi dividida em quatorze capt̕ulos. Pretendeu-se construir capt̕ulos distintos sobre institutos especf̕icos, de maneira inďita em relaȯ̂ ao que foi produzido academicamente at ̌o presente momento no processo coletivo do trabalho. 
506 1 |a Disponible solo en los productos indicados  |d vLex Global  |d vLex Global (Academic Edition, excluding Law Schools)  |d vLex Global (U.S. Academic Edition, Law Schools)  |d vLex Global (U.S. Academic Edition, excluding Law Schools)  |d vLex Global (Academic Edition, Law Schools) 
650 0 4 |a Procedimiento Laboral  |z Brasil 
740 0 |a vLex Libros (Servicio en ln̕ea) 
856 4 0 |u http://vlex.com/source/curso-de-processo-coletivo-do-trabalho-30285  |z Acceso restringido 
942 |c BOOK 
999 0 |a Labor Procedure